Conspectus florae Orientalis : an annotated catalogue of the flora of the Middle East /

محفوظ في:

المؤلف الرئيسي: Zohary, Michael, 1898-1983.

مؤلفون آخرون: Heller, D., Heyn, C. C. 1924-

التنسيق: كتاب

اللغة: English

منشور في: Jerusalem : Israel Academy of Sciences and Humanities, 1980-<1990>.

سلاسل: Publications of the Israel Academy of Sciences and Humanities. Section of Sciences.

الموضوعات:

الوسوم: إضافة وسم

لا توجد وسوم, كن أول من يضع وسما على هذه التسجيلة!

رقم الطلب: QK343 .Z64 v.1-9

LEADER 01075nam a22002777a 4500
003 OSt
005 20251117104710.0
008 251117m19809999is a bi 001 0 eng d
020 |a 9652080209 (set) 
040 |c ARCE Library 
050 1 4 |a QK343  |b .Z64 v.1-9 
100 1 |a Zohary, Michael,   |d 1898-1983. 
245 1 0 |a Conspectus florae Orientalis :   |b an annotated catalogue of the flora of the Middle East /   |c by M. Zohary, C.C. Heyn, D. Heller. 
246 1 |a Yalḳuṭ shel tsimḥiyat ha-Mizraḥ ha-tikhon. 
264 1 |a Jerusalem :  |b Israel Academy of Sciences and Humanities,  |c 1980-<1990>. 
300 |a v. :  |b ill. ;  |c 27 cm. 
490 0 |a Publications of the Israel Academy of Sciences and Humanities. Section of Sciences. 
504 |a Includes bibliographical references and indexes. 
650 0 |a Phytogeography -- Middle East. 
650 0 |a Plants -- Middle East -- Floras. 
650 0 |a Plants -- Middle East -- Nomenclature. 
700 1 |a Heller, D. 
700 1 |a Heyn, C. C.   |q (Chaia Clara),   |d 1924-  
901 |a reviewed 
942 |2 lcc  |c BK 
999 |c 48693  |d 48693